| 000 | 00411nam a2200157 a 4500 | ||
|---|---|---|---|
| 001 | 3479 | ||
| 003 | CDMR | ||
| 005 | 20130116135244.0 | ||
| 008 | 130130s2006||||||||||||||||||||||||||||d | ||
| 040 |
_aCDMR _bcat _cCPC GIRONA |
||
| 100 | 1 |
_aRuiz, Miquel _92228 |
|
| 245 | 1 | 0 |
_aSrebrenica _bEl silenci de la memòria _cRuiz, Miquel i Isaac |
| 260 |
_c2006 _bDiputació de Girona |
||
| 490 | 0 |
_aBòsnia _92500 |
|
| 942 | _cMON | ||
| 999 |
_c3479 _d3479 |
||